000 00459nam a22001817a 4500
003 CEME
005 20210628202543.0
008 210122b xxu||||| |||| 00| 0 eng d
020 _a81-7319-254-5
040 _c.
082 _a531.11 BHA
100 _aBhat, Rama B Dukkipati, Rao .V
_960458
245 _aAdvanced dynamics
260 _aNEW DELHI
_bNAROSA PUBLISHING
_c2005
300 _aV,392 P
650 _aADVANCED DYNAMICS
_960459
942 _cBK
_2ddc
999 _c570170
_d570170